00630nam a2200217Ia 4500001000500000005001700005007000300022008004100025040002500066041000800091082002000099100002900119245011000148250001400258260005300272300002000325504000900345653001400354653002800368653001600396181120240113233516.0ta050211s2003 g b000 u eng u aCotton College,Assam aeng a301.2bTr 73 St aTribhuwan, Robin David . 0aStreets of Insecurity: A Study of Pavement Dwellers in India /cRobin David Tribhuwan.hTextual Documents a1st ed. / aNew Delhi :bDiscovery Publishing house ,c2003. a157p. ;c22cm.. aRef. aSociology aPavement Dwellers-India aG-Sociology